00313nam a22001217a 4500040000900000082001300009100002400022245007400046250001600120260003800136300001000174521000700184 cNUST a621bTHO aBeckwith, Thomas G. aFundamentals of Instrumentation and Measurement/c Thomas G. Beckwith a6th Edition aFrance:bHermès Science;c2000. a532p. bHB